Rolling In The Deep- Adele (21) - Statistics

General Stats
  • This quiz has been taken 425 times
  • The average score is 342 of 468
Answer Stats
Answer % Correct
I
100%
in
100%
the
100%
The
100%
a
99%
my
98%
heart
97%
it
96%
It
96%
you
96%
You
96%
fire
95%
Rolling
95%
deep
94%
me
93%
there
93%
all
92%
There's
91%
we
91%
We
91%
and
90%
And
90%
had
90%
starting
90%
your
89%
fever
87%
Reaching
87%
dark
86%
of
86%
Of
86%
can
85%
see
84%
See
84%
out
82%
Go
81%
be
80%
clear
80%
do
80%
that
80%
That
80%
bringing
79%
To
78%
to
78%
To
78%
Finally
77%
crystal
76%
could've
75%
it's
74%
beat
70%
hand
70%
remind
69%
Remind
69%
played
68%
love
67%
ahead
66%
Don't
66%
keep
66%
They
66%
they
66%
things
66%
can't
65%
inside
65%
pitch
65%
Think
64%
every
63%
scars
63%
almost
62%
feeling
61%
thinking
61%
But
60%
help
60%
leave
60%
have
59%
underestimate
59%
us
59%
piece
57%
will
57%
breathless
56%
how
56%
I'll
55%
hands
53%
gonna
51%
you're
51%
You're
51%
head
50%
with
50%
Never
48%
never
48%
no
44%
wish
44%
sell
43%
burn
42%
met
41%
bare
40%
lay
40%
make
39%
Make
39%
what
38%
story
37%
told
37%
Baby
34%
on
34%
shit
34%
are
33%
I'm
33%
depths
32%
despair
31%
for
31%
fall
30%
soul
29%
into
28%
I've
28%
door
27%
tears
27%
Tears
27%
home
26%
open
26%
down
25%
just
25%
look
25%
sorrow
25%
find
24%
gold
24%
Turn
24%
won't
24%
heard
23%
one
23%
Throw
23%
Count
22%
reap
22%
through
22%
you've
22%
blessings
21%
mine
21%
as
20%
back
20%
shared
20%
beating
19%
treasured
19%
now
18%
sure
18%
pay
15%
kind
12%
sown
9%
No matching quizzes found
Score Distribution
Percent of People with Each Score
Percentile by Number Answered
Your Score History
You have not taken this quiz